[Event "SVOLTA Open"]
[Site "Turin ITA"]
[Date "2000.05.30"]
[Round "3"]
[White "Genova,R"]
[Black "Saccona,S"]
[Result "1-0"]
[WhiteElo "2171"]
[BlackElo "2113"]

1.d4 c6 2.c4 d5 3.Nf3 Nf6 4.e3 e6 5.Nc3 Be7 6.Qc2 Nbd7 7.Bd3 dxc4 8.Bxc4 b5
9.Bd3 Bb7 10.O-O Rc8 11.e4 Nf8 12.e5 Nd5 13.Nxd5 Qxd5 14.Be3 Ng6 15.Be4 Qd7
16.Rac1 O-O 17.h4 Rfe8 18.h5 Nf8 19.h6 Ng6 20.hxg7 Kxg7 21.Rfd1 Rg8 22.Qd2 Qd8
23.Bh6+ Kh8 24.Qe3 Rc7 25.g3 Qa8 26.Rc2 c5 27.Bxb7 Qxb7 28.Ng5 Bf8 29.Bxf8 Rxf8
30.dxc5 Rd7 31.Rxd7 Qxd7 32.Rd2 Qc7 33.Nf3 a5 34.a3 a4 35.Qh6 Rg8 36.Qe3 Rc8
37.Rc2 Rd8 38.Qe2 Qc6 39.Ng5 Kg7 40.Nf3 Rd5 41.Qe3 Rd1+ 42.Kg2 h6 43.Qe2 Rd5
44.Qe4 Ne7 45.Qh4 Ng6 46.Qe4 Ne7 47.Qh4 Kf8 48.Qxh6+ Ke8 49.Qh8+ Kd7 50.Qf8 Rxe5
51.Rd2+  1-0

[Event "Master Open"]
[Site "Lausanne SUI"]
[Date "2000.05.31"]
[Round "1"]
[White "Huss,A"]
[Black "De Andres,J"]
[Result "1-0"]
[WhiteElo "2349"]
[BlackElo "2068"]

1.d4 d5 2.c4 e6 3.Nf3 c6 4.e3 Nf6 5.Nc3 Nbd7 6.Qc2 Be7 7.Bd3 h6 8.O-O O-O
9.e4 dxe4 10.Nxe4 Nxe4 11.Bxe4 Qc7 12.g3 Bf6 13.Bf4 e5 14.dxe5 Nxe5 15.Kg2 Re8
16.Rfe1 Kf8 17.Bf5 c5 18.Bxc8 Raxc8 19.Qf5 Qd7 20.Rxe5  1-0

[Event "Dutch Team Championships"]
[Site "Breda NED"]
[Date "2000.06.01"]
[Round "1"]
[White "Sadler,M"]
[Black "Rogozenko,D"]
[Result "1/2-1/2"]
[WhiteElo "2630"]
[BlackElo "2562"]

1.d4 d5 2.c4 c6 3.Nf3 Nf6 4.Nc3 e6 5.e3 Nbd7 6.Bd3 dxc4 7.Bxc4 b5 8.Bd3 a6
9.e4 c5 10.d5 c4 11.dxe6 fxe6 12.Bc2 Qc7 13.Be3 Ng4 14.Bd4 Bc5 15.h3 Nge5
16.Nxe5 Bxd4 17.Qxd4 Qxe5 18.Qxe5 Nxe5 19.f4 Ng6 20.g3 Bb7 21.O-O-O Ke7 22.Rhe1 Nf8
23.e5 Nd7 24.Rd6 Nc5 25.Red1 Rac8 26.R1d4 Rc7 27.a3 Bc6 28.Kd2 Rcc8 29.f5 exf5
30.Nd5+ Bxd5 31.R4xd5 g6 32.Kc3 Rc7 33.h4 Rhc8 34.h5 Rc6 35.Kb4  1/2-1/2

[Event "Dutch Team Championships"]
[Site "Breda NED"]
[Date "2000.06.01"]
[Round "1"]
[White "Lautier,J"]
[Black "Thesing,M"]
[Result "1-0"]
[WhiteElo "2632"]
[BlackElo "2444"]

1.d4 d5 2.c4 e6 3.Nc3 c6 4.e3 Nf6 5.Nf3 Nbd7 6.Bd3 a6 7.b3 Bb4 8.Bb2 Ne4
9.Bxe4 dxe4 10.Nd2 f5 11.c5 O-O 12.Nc4 b5 13.cxb6 Nxb6 14.O-O Nxc4 15.bxc4 Bd6
16.f4 exf3 17.Rxf3 c5 18.dxc5 Be5 19.Qxd8 Rxd8 20.Rd1 Bb7 21.Rff1 Bc6 22.Nd5 Bxb2
23.Ne7+ Kf7 24.Nxc6 Rxd1 25.Rxd1 Ba3 26.Ne5+ Kf6 27.Nd7+ Ke7 28.Rd3 Bb4 29.a3 Ba5
30.Ne5 Re8 31.Rd7+ Kf6 32.Nd3 Bc3 33.Kf2 h5 34.h4 g6 35.Ra7 Rd8 36.Ke2 e5
37.Rxa6+ Kf7 38.c6 e4 39.Nf4 Rd2+ 40.Kf1 Rd1+ 41.Kf2 Rd2+ 42.Kg3 Be5 43.Ra5 Bb8  1-0

[Event "Master Open"]
[Site "Lausanne SUI"]
[Date "2000.06.01"]
[Round "2"]
[White "Pelletier,Y"]
[Black "Crut,A"]
[Result "1-0"]
[WhiteElo "2478"]
[BlackElo "2251"]

1.Nf3 d5 2.d4 Nf6 3.c4 c6 4.e3 e6 5.Nc3 Nbd7 6.Qc2 Bd6 7.Bd3 O-O 8.O-O dxc4
9.Bxc4 b5 10.Be2 Bb7 11.Rd1 Qc7 12.e4 e5 13.dxe5 Nxe5 14.Nd4 Ng6 15.g3 b4
16.Nf5 Be5 17.Na4 c5 18.f3 Rac8 19.Be3 c4 20.Bc5 Qa5 21.Bxf8 Kxf8 22.Rac1 Bc6
23.Qxc4 Qxa4 24.Qc5+ Kg8 25.Qxc6  1-0

[Event "Dutch Team Championships"]
[Site "Breda NED"]
[Date "2000.06.02"]
[Round "2"]
[White "Sadler,M"]
[Black "Lautier,J"]
[Result "1/2-1/2"]
[WhiteElo "2630"]
[BlackElo "2632"]

1.d4 d5 2.c4 c6 3.Nf3 Nf6 4.Nc3 e6 5.e3 Nbd7 6.Bd3 dxc4 7.Bxc4 b5 8.Bd3 Bb7
9.O-O b4 10.Ne4 Be7 11.Nxf6+ Nxf6 12.a3 a5 13.e4 O-O 14.Qc2 h6 15.e5 Nd7
16.Bh7+ Kh8 17.Be4 Qb8 18.Be3 c5 19.Rad1 cxd4 20.Rxd4 Rc8 21.Qd2 Bxe4 22.Rxe4 Rd8
23.axb4 axb4 24.Qc1 Rc8 25.Qd2 Rd8 26.Qc1 Rc8 27.Qd2  1/2-1/2

[Event "FSGM June"]
[Site "Budapest HUN"]
[Date "2000.06.04"]
[Round "2"]
[White "Kallai,G"]
[Black "Lukacs,P"]
[Result "1/2-1/2"]
[WhiteElo "2489"]
[BlackElo "2460"]

1.d4 d5 2.c4 c6 3.Nc3 Nf6 4.e3 e6 5.Nf3 Nbd7 6.Bd3 dxc4 7.Bxc4 b5 8.Bd3 a6
9.e4 c5 10.e5 cxd4 11.Nxb5 axb5 12.exf6 gxf6 13.O-O Qb6 14.Re1  1/2-1/2

[Event "Bank Pocztowy Open"]
[Site "Bydgoszcz POL"]
[Date "2000.06.05"]
[Round "8"]
[White "Bogdanov,Val"]
[Black "Utnasunov,A"]
[Result "1-0"]
[WhiteElo "2425"]
[BlackElo "2175"]

1.d4 d5 2.c4 c6 3.Nc3 Nf6 4.Nf3 e6 5.e3 Nbd7 6.Qc2 Bd6 7.b3 O-O 8.Bd3 e5
9.dxe5 Nxe5 10.Nxe5 Bxe5 11.Bb2 Qe7 12.cxd5 cxd5 13.Nb5 Bxb2 14.Qxb2 Qb4+
15.Qd2 Qxd2+ 16.Kxd2 Bd7 17.Nd4 Rac8 18.Rhc1 Rfd8 19.f3 h5 20.b4 Kf8 21.Nb3 Ke7
22.Na5 b6 23.Nb3 Ne8 24.Ba6 Rxc1 25.Rxc1 Kd6 26.Nd4 Nc7 27.Bd3 g6 28.g3 Ne6
29.Nxe6 Bxe6 30.a3 Rc8 31.Rxc8 Bxc8 32.h4 Bd7 33.Kc3 Ke5 34.Be2 f6 35.Bd3 f5
36.Be2 Be6 37.Ba6 Bd7 38.b5 Be8 39.a4 Bd7 40.Bb7 Be8 41.Bc8 Bf7 42.Bd7 Kd6
43.Bc6 Ke5 44.Kd3 Ke6 45.Kd4 Kd6 46.Bb7 Be6 47.Ba6 Bd7 48.Bb7 Be6 49.Bc6 Bf7
50.Kd3 Ke6 51.Bb7 Be8 52.Kd4 Kd6 53.Bxd5 Ke7 54.Ke5 Bd7 55.f4 Be8 56.e4 Bd7
57.exf5 Bxf5 58.Be4 Bxe4 59.Kxe4 Ke6 60.Kf3 Kd5 61.g4 Kd4  1-0

[Event "zt 1.9"]
[Site "Ordzhonikidze UKR"]
[Date "2000.06.09"]
[Round "1"]
[White "Kruppa,Y"]
[Black "Borovikov,V"]
[Result "1/2-1/2"]
[WhiteElo "2561"]
[BlackElo "2472"]

1.d4 d5 2.c4 c6 3.Nc3 Nf6 4.e3 e6 5.Nf3 Nbd7 6.Bd3 dxc4 7.Bxc4 b5 8.Bd3 Bb7
9.O-O a6 10.e4 c5 11.d5 Qc7 12.Bg5 c4 13.Rc1 Bc5 14.Bb1 Ng4 15.Bh4 Qb6 16.Bg3 Rd8
17.Qe2 O-O 18.Rcd1 exd5 19.Nxd5 Bxd5 20.Rxd5 Ngf6 21.Rdd1 Be7 22.e5  1/2-1/2

[Event "IM"]
[Site "Stockholm SWE"]
[Date "2000.06.11"]
[Round "2"]
[White "Sjoberg,M"]
[Black "Matros,A"]
[Result "1-0"]
[WhiteElo "2352"]
[BlackElo "2413"]

1.d4 d5 2.c4 e6 3.Nc3 c6 4.e3 Nf6 5.Nf3 Nbd7 6.Qc2 Bd6 7.b3 O-O 8.Bb2 e5
9.cxd5 cxd5 10.dxe5 Nxe5 11.Nb5 Nxf3+ 12.gxf3 Bb4+ 13.Bc3 Bxc3+ 14.Qxc3 Bd7
15.Nd4 Rc8 16.Qd2 Nh5 17.Bg2 Qg5 18.Kf1 Qf6 19.h3 Qd6 20.Rd1 Nf6 21.Kg1 Rc7
22.Bf1 Rfc8 23.Bd3 Qe5 24.f4 Qh5 25.Qe2 Qh4 26.Qf3 Re8 27.Kg2 Ne4 28.Bxe4 dxe4
29.Qg3 Qxg3+ 30.Kxg3 g6 31.Rc1 Rec8 32.Rxc7 Rxc7 33.Rd1 Kf8 34.Rd2 Ke7 35.Rc2 Rxc2
36.Nxc2 Kd6 37.Nd4 a5 38.h4 b5 39.f5 Ke5 40.fxg6 hxg6 41.a3 f5 42.Ne2 a4
43.b4 Kd5 44.Nf4+ Kc4 45.Nxg6 Kb3 46.h5 Be8 47.Kf4 Kxa3 48.Kxf5 Bf7 49.h6 Bg8
50.Kf6 Kxb4 51.Kg7 a3 52.Kxg8 a2 53.h7 a1=Q 54.h8=Q Qxh8+ 55.Kxh8 Kc5 56.Nf4 b4
57.Ne6+ Kc4 58.Nd4 Kd3 59.Kg7 b3 60.Nxb3  1-0

[Event "FSGM June"]
[Site "Budapest HUN"]
[Date "2000.06.13"]
[Round "11"]
[White "Lazarev,V"]
[Black "Lukacs,P"]
[Result "1/2-1/2"]
[WhiteElo "2493"]
[BlackElo "2460"]

1.d4 d5 2.c4 c6 3.Nf3 Nf6 4.Nc3 e6 5.e3 Nbd7 6.Qc2 Bd6 7.Bd3 O-O 8.O-O dxc4
9.Bxc4 a6 10.Rd1 Qe7 11.Ne4 Nxe4 12.Qxe4 e5 13.Bd2 Nf6 14.Qh4 e4 15.Ne1 Be6  1/2-1/2

[Event "IHEM"]
[Site "Hamburg GER"]
[Date "2000.06.14"]
[Round "5"]
[White "Loeffler,S"]
[Black "Hector,J"]
[Result "1/2-1/2"]
[WhiteElo "2426"]
[BlackElo "2515"]

1.Nf3 d5 2.c4 c6 3.e3 Nf6 4.Nc3 e6 5.d4 Nbd7 6.Be2 Bd6 7.O-O O-O 8.Qc2 e5
9.dxe5 Nxe5 10.cxd5 cxd5 11.Rd1 Qc7 12.g3 Be6 13.Nd4 Rac8 14.Ndb5 Qb8 15.Nxd6 Qxd6
16.Qa4 Qe7 17.Qf4 Nc6 18.Bf3 Rfd8 19.b3 d4 20.exd4 Qb4 21.d5 Qxc3 22.Bd2 Qb2
23.dxe6 fxe6 24.Be3 Nd5 25.Qe4 Qf6 26.Bg5 Qf7 27.Bxd8 Nc3 28.Qe1 Nxd1 29.Bxc6 Rxd8
30.Be4 Qd7 31.Bc2 Nb2 32.Qc3 Qd4 33.Qxd4 Rxd4 34.Rb1 Nd3 35.Rd1 Ne5 36.Rxd4 Nf3+
37.Kf1 Nxd4 38.Be4 b6 39.f4 Kf7 40.Kf2 h6 41.Ke3 Nb5 42.Bd3 Nc7 43.Ke4 Kf6
44.Bc4 Ne8 45.Kd4 Nd6 46.Bd3 h5 47.b4 Nf5+ 48.Kc4 Nd6+ 49.Kc3 e5 50.fxe5+ Kxe5
51.Bg6 h4 52.gxh4 Kd5 53.Bh7 Ke5 54.Kd3 Nb5 55.Be4 Nd6 56.Bc6 Nf5 57.h5 Nd6
58.Ke3 Nf5+ 59.Kd3 Nd6 60.a4 Nf5 61.a5 Nd6 62.axb6 axb6 63.Ba4 Nf5 64.Bb3 Nd6
65.Bg8 Nc8 66.Ba2 Nd6 67.Ke3 Nf5+ 68.Kf3 Nd4+ 69.Kg4 Kf6 70.Bb1 Nc6 71.b5 Nd4
72.Bd3 Nxb5 73.Bxb5 g5 74.h3 Kg7 75.Kf5 Kh8 76.Ke6 Kg7 77.Kd5 Kh8 78.Kc6 Kg7
79.Kxb6 Kh8 80.Kc5 Kg7  1/2-1/2

[Event "Parkroyal Int"]
[Site "Surfers Paradise AUS"]
[Date "2000.06.15"]
[Round "9"]
[White "Caoili,A"]
[Black "Hanks,J"]
[Result "0-1"]
[WhiteElo "2078"]
[BlackElo "2166"]

1.Nf3 Nf6 2.c4 e6 3.d4 d5 4.Nc3 c6 5.e3 Nbd7 6.Qc2 Bb4 7.a3 Ba5 8.b4 Bc7
9.Be2 O-O 10.O-O a6 11.Bb2 Re8 12.Rac1 Nb6 13.Ne5 dxc4 14.Nxc4 Nxc4 15.Bxc4 e5
16.dxe5 Bxe5 17.g3 Bh3 18.Rfe1 Qe7 19.Bd3 Rad8 20.e4 h6 21.Na4 Bxb2 22.Nxb2 Qc7
23.Nc4 Be6 24.Ne3 Qb6 25.Kg2 Ng4 26.Nd1 Ne5 27.Bf1 Rd4 28.Nc3 Bc4 29.Rcd1 Red8
30.Ne2 Bd3 31.Rxd3 Rxd3 32.Qb2 Ng4  0-1

[Event "zt 1.5"]
[Site "Yerevan ARM"]
[Date "2000.06.15"]
[Round "9"]
[White "Anastasian,A"]
[Black "Sturua,Z"]
[Result "1/2-1/2"]
[WhiteElo "2606"]
[BlackElo "2595"]

1.d4 d5 2.c4 c6 3.Nc3 Nf6 4.e3 e6 5.Nf3 Nbd7 6.Bd3 dxc4 7.Bxc4 b5 8.Bd3 a6
9.a4 b4 10.Ne4 c5 11.Nxf6+ Nxf6 12.b3 cxd4 13.Nxd4 Bb7 14.Bb2 Be7 15.O-O O-O
16.Rc1 Qb6 17.a5 Qd6 18.Nc6 Bxc6 19.Bxf6 gxf6 20.Bxh7+  1/2-1/2

[Event "zt 1.9"]
[Site "Ordzhonikidze UKR"]
[Date "2000.06.16"]
[Round "8"]
[White "Savchenko,S"]
[Black "Borovikov,V"]
[Result "1/2-1/2"]
[WhiteElo "2574"]
[BlackElo "2472"]

1.d4 d5 2.c4 c6 3.Nc3 Nf6 4.Nf3 e6 5.e3 Nbd7 6.Qc2 Bd6 7.Bd3 O-O 8.O-O dxc4
9.Bxc4 b5 10.Be2 Bb7 11.Rd1 Qc7 12.b3 a6 13.Ne4 Nxe4 14.Qxe4 c5 15.Qh4 c4
16.bxc4 bxc4 17.e4 Rfc8 18.a3  1/2-1/2

[Event "IM"]
[Site "Stockholm SWE"]
[Date "2000.06.17"]
[Round "8"]
[White "Nilssen,J"]
[Black "Matros,A"]
[Result "1-0"]
[WhiteElo "2339"]
[BlackElo "2413"]

1.d4 d5 2.c4 e6 3.Nf3 c6 4.e3 Nf6 5.Nc3 Nbd7 6.Bd3 dxc4 7.Bxc4 b5 8.Be2 Bb7
9.e4 b4 10.e5 bxc3 11.exf6 cxb2 12.fxg7 bxa1=Q 13.gxh8=Q Qa5+ 14.Nd2 Qf5
15.O-O Qxa2 16.Nc4 O-O-O 17.Bd3 Qd5 18.Ne3 Qd6 19.Qxh7 f5 20.Qf7 c5 21.Bc4 Qa1
22.dxc5 Nxc5 23.Qxd6 Bxd6 24.Bxe6+ Kb8 25.Nxf5 Rf8 26.Qxf8+ Bxf8 27.Bf4+  1-0

[Event "zt 1.4"]
[Site "Budapest HUN"]
[Date "2000.06.18"]
[Round "2"]
[White "Polak,T"]
[Black "Pinter,J"]
[Result "1/2-1/2"]
[WhiteElo "2503"]
[BlackElo "2553"]

1.d4 Nf6 2.c4 e6 3.Nf3 d5 4.Nc3 c6 5.e3 Nbd7 6.Qc2 Bd6 7.b3 O-O 8.Bb2 Re8
9.Be2 Qe7 10.O-O b6 11.e4 Nxe4 12.Nxe4 dxe4 13.Qxe4 Bb7 14.Rad1 Nf6 15.Qh4 c5
16.dxc5 Bxc5 17.Ne5 Rad8 18.Bd3 h6 19.Bc2 Ba8 20.Qg3 Nh5 21.Qg4 Nf6 22.Qg3 Nh5
23.Qg4 Nf6  1/2-1/2

[Event "11th Open"]
[Site "Ljubljana SLO"]
[Date "2000.06.19"]
[Round "3"]
[White "Sitnik,I"]
[Black "Lazar,Ales ml"]
[Result "1/2-1/2"]
[WhiteElo "2371"]
[BlackElo "2117"]

1.d4 d5 2.c4 c6 3.Nf3 Nf6 4.Nc3 e6 5.e3 Nbd7 6.a3 Bd6 7.Be2 O-O 8.O-O Re8
9.b3 Qe7 10.Bb2 h6 11.Re1 dxc4 12.bxc4 e5 13.d5 cxd5 14.Nxd5 Nxd5 15.cxd5 e4
16.Nd4 Qe5 17.g3 Qxd5 18.Nb5 Qxd1 19.Rexd1 Be5 20.Bxe5 Rxe5 21.Rac1 Nf6 22.Rd8+ Re8
23.Rxe8+ Nxe8 24.Nxa7 Bd7 25.Nb5 Bxb5 26.Bxb5 Nd6 27.a4 Nxb5 28.axb5 Ra5
29.Rc5 Ra1+ 30.Kg2 Rb1 31.h4 b6 32.Rd5 Kf8 33.g4 Ke7 34.Re5+ Kd6 35.Rxe4 Rxb5
36.Re8 h5 37.g5 Re5 38.Rd8+ Kc7 39.Rd3 b5 40.f4 Rc5 41.Kf3 Kc6 42.e4 b4 43.Ke3 Rb5
44.Kd2 b3 45.Kc1 Rb4 46.Re3 b2+ 47.Kb1 Kd6 48.Rd3+ Ke7 49.Re3 Ke6 50.Re2 g6  1/2-1/2

[Event "11th Open"]
[Site "Ljubljana SLO"]
[Date "2000.06.21"]
[Round "5"]
[White "Tratar,M"]
[Black "Filipenko,A"]
[Result "1-0"]
[WhiteElo "2439"]
[BlackElo "2370"]

1.d4 d5 2.Nf3 Nf6 3.c4 c6 4.Nc3 e6 5.e3 Nbd7 6.Qc2 b6 7.Bd3 Bb7 8.O-O Be7
9.b3 Qc7 10.Bb2 Rd8 11.Rad1 h6 12.Qe2 O-O 13.Bb1 c5 14.cxd5 exd5 15.Ne5 a6
16.Nxd7 Rxd7 17.dxc5 bxc5 18.Na4 Qc6 19.Bxf6 d4 20.Qg4 Bxf6 21.Nxc5 Rdd8
22.Nxb7 Qxb7 23.Qf5 Rfe8 24.exd4 Kf8 25.Qc5+ Qe7 26.Qc4 Rd6 27.d5 Qd7 28.Be4 g6
29.Rc1 h5 30.Qd3 h4 31.Rc6 a5 32.Qc4 Be5 33.Bf3 Qe7 34.Rc8 Rxc8 35.Qxc8+ Kg7
36.Qc4 f5 37.g3 g5 38.Rd1 Rh6 39.Qe2 Qc7 40.Bg2 hxg3 41.hxg3 Bd6 42.Qd2 Qd8
43.Qd4+ Rf6 44.Re1 Kf7 45.Qa7+ Qc7 46.Qe3 Bb4 47.Rc1 Qe7 48.Qxg5 Bc5 49.Bf3 Rb6
50.Bh5+ Kf8 51.Qxf5+ Kg7 52.d6 Bxd6 53.Qg6+  1-0

[Event "11th Open"]
[Site "Ljubljana SLO"]
[Date "2000.06.21"]
[Round "5"]
[White "Sebenik,M"]
[Black "Kozamernik,J"]
[Result "1-0"]
[WhiteElo "2294"]
[BlackElo "2136"]

1.d4 d5 2.c4 c6 3.Nf3 Nf6 4.Nc3 e6 5.e3 Nbd7 6.Qc2 Bd6 7.b3 O-O 8.Be2 dxc4
9.bxc4 e5 10.O-O Re8 11.Bb2 exd4 12.exd4 Nf8 13.Rad1 Bg4 14.Ne5 Bxe2 15.Nxe2 Qc7
16.c5 Bxe5 17.dxe5 Ng4 18.Ng3 Nxe5 19.Nf5 f6 20.Nd6 Re7 21.Bxe5 fxe5 22.f4 Ne6
23.fxe5 b6 24.Qc4 Kh8 25.Rf3 h6 26.Rdf1 Nxc5 27.Rf8+ Rxf8 28.Rxf8+ Kh7 29.Qg8+ Kg6
30.Rf6+ Kh5 31.Qh7  1-0

[Event "Rapid Tournament g/30"]
[Site "Herford GER"]
[Date "2000.06.24"]
[Round "5"]
[White "Epishin,V"]
[Black "Fridman,D"]
[Result "1/2-1/2"]
[WhiteElo "2667"]
[BlackElo "2539"]

1.d4 d5 2.c4 e6 3.Nc3 c6 4.e3 Nf6 5.Nf3 Nbd7 6.Qc2 Bd6 7.Bd3 O-O 8.Bd2 dxc4
9.Bxc4 b5 10.Bd3 Bb7 11.Ng5 h6 12.Nge4 Be7 13.O-O Rc8 14.Rfd1 c5 15.dxc5 Nxe4
16.Bxe4 Nxc5 17.Bxb7 Nxb7 18.Be1 Qb6 19.Qe2 a6  1/2-1/2

[Event "VII Open"]
[Site "Linares CHI"]
[Date "2000.06.25"]
[Round "4"]
[White "Szmetan,J"]
[Black "Montero,C"]
[Result "1-0"]
[WhiteElo "2401"]
[BlackElo "2140"]

1.Nf3 d5 2.c4 c6 3.d4 Nf6 4.Nc3 e6 5.e3 Nbd7 6.Qc2 Be7 7.b3 O-O 8.Bd3 h6
9.O-O b6 10.e4 dxe4 11.Nxe4 Nxe4 12.Bxe4 Bb7 13.Qe2 Bf6 14.Bb2 Re8 15.Ne5 Qc7
16.Qh5 Bxe5 17.dxe5 c5 18.Bc2 Rad8 19.Rae1 Nf8 20.Bc1 Qe7 21.Re3 f5 22.Rg3 Kh8
23.Bg5 Qc7 24.Bxd8 Rxd8 25.Qe2 Rd4 26.Rd1 Nd7 27.Rxd4 cxd4 28.f4 Nc5  1-0

[Event "XVIII Open"]
[Site "Andorra AND"]
[Date "2000.06.26"]
[Round "3"]
[White "Goswami,V"]
[Black "Tyomkin,D"]
[Result "1/2-1/2"]
[WhiteElo "2251"]
[BlackElo "2516"]

1.c4 e6 2.d4 d5 3.Nf3 c6 4.e3 Nf6 5.Nc3 Nbd7 6.Qc2 Bd6 7.Bd3 dxc4 8.Bxc4 O-O
9.O-O b5 10.Be2 Bb7 11.Bd2 a6 12.a4 b4 13.Ne4 Nxe4 14.Qxe4 Rb8 15.Bd3 g6
16.Qg4 c5 17.Rfd1 Qe7 18.a5 e5 19.Bc4 Kg7 20.dxc5 Nxc5 21.Qg5 f6 22.Qh4 g5
23.Qh5 Be4 24.Ne1 Rfd8 25.Qe2 Qb7 26.f3 Bg6 27.e4 Bf7 28.Be3 Nb3 29.Bxa6 Qc7
30.Rab1 Qxa5 31.Bc4 Qc7 32.Bxf7 Qxf7 33.Rd5 Qc7 34.Rbd1 Be7 35.Rxd8 Rxd8
36.Rxd8 Qxd8 37.Qd3 Qxd3 38.Nxd3 Kf7 39.Kf2  1/2-1/2

[Event "White Nights Men"]
[Site "St Petersburg RUS"]
[Date "2000.06.28"]
[Round "5"]
[White "Kruppa,Y"]
[Black "Krush,I"]
[Result "1-0"]
[WhiteElo "2561"]
[BlackElo "2399"]

1.d4 d5 2.c4 c6 3.Nc3 Nf6 4.e3 e6 5.Nf3 Nbd7 6.Bd3 dxc4 7.Bxc4 b5 8.Bd3 Bb7
9.O-O a6 10.e4 c5 11.d5 Qc7 12.Bg5 c4 13.Rc1 Bd6 14.Bb1 O-O 15.Qe2 Ng4 16.h3 Nh2
17.Nxh2 Bxh2+ 18.Kh1 Bf4 19.Bxf4 Qxf4 20.Rcd1 Nb6 21.dxe6 fxe6 22.a3 Bc6
23.Qh5 Nd7 24.Ne2 Qf7 25.Qxf7+ Kxf7 26.Rd6 Nb8 27.Nd4 Bd7 28.e5 g6 29.f4 h5
30.Nf3 Ke7 31.Nh4 Be8 32.Bxg6 Nd7 33.f5 exf5 34.Nxf5+ Kd8 35.Bxe8 Kxe8 36.Ng7+  1-0

[Event "White Nights Men"]
[Site "St Petersburg RUS"]
[Date "2000.06.30"]
[Round "7"]
[White "Polovodin,I"]
[Black "Goloshchapov,A"]
[Result "1/2-1/2"]
[WhiteElo "2434"]
[BlackElo "2561"]

1.d4 d5 2.c4 c6 3.Nf3 Nf6 4.Nc3 e6 5.e3 Nbd7 6.Bd3 dxc4 7.Bxc4 b5 8.Bd3 a6
9.O-O c5 10.b3 Bb7 11.Bb2 Bd6 12.Rc1 O-O 13.Qe2 cxd4 14.Nxd4 Nc5 15.Bb1 b4
16.Na4 Nxa4 17.bxa4 Rc8 18.e4 Nd7 19.Nb3 Rxc1 20.Rxc1 Qb8 21.g3 Rc8 22.Rd1 Nc5
23.Nxc5 Bxc5 24.Bc2 Rd8 25.Kg2 Rxd1 26.Qxd1 Qc7 27.f3 Bc6 28.Qd3 Bb7 29.Bb3 Qd6
30.Qxd6 Bxd6 31.Bd4 Kf8 32.Kf2 e5 33.Bb6 Ke7 34.Ke3 f6 35.Bd5 Bxd5 36.exd5 f5
37.Kd3 Kd7 38.Kc4 h5 39.Be3 Be7 40.h3 Bd6 41.g4 hxg4 42.hxg4 g6 43.gxf5 gxf5
44.Bd2 Kc7 45.a5 Kd7 46.Be1 Kc7 47.Bd2  1/2-1/2

[Event "XVIII Open"]
[Site "Andorra AND"]
[Date "2000.07.01"]
[Round "8"]
[White "Pogorelov,R"]
[Black "Cosma,E"]
[Result "1-0"]
[WhiteElo "2455"]
[BlackElo "2360"]

1.d4 d5 2.c4 e6 3.Nc3 c6 4.Nf3 Nf6 5.e3 Nbd7 6.Qc2 Bd6 7.Bd3 O-O 8.O-O h6
9.b3 Re8 10.Bb2 dxc4 11.bxc4 e5 12.Ne4 Nxe4 13.Bxe4 Qe7 14.Rfe1 Ba3 15.Bc3 Bb4
16.Bxb4 Qxb4 17.Rab1 Qf8 18.d5 cxd5 19.Bxd5 Nc5 20.Nd2 Rb8 21.Ne4 Be6 22.Red1 Rbd8
23.Nxc5 Qxc5 24.Bxe6 Rxd1+ 25.Rxd1 fxe6 26.Qe4 Qc7 27.h3 Rc8 28.c5 b6 29.cxb6 axb6
30.a4 Kf7 31.Rb1 Rd8 32.Rb5 Kf6 33.g4 g5 34.Kg2 Rd2 35.a5 Rd5 36.axb6 Qb7
37.Rb2 Kg7 38.Kg3 Kf6 39.Kh2 Kg7 40.Kg3 Kf6 41.Qb4 Rd1 42.Rb1 Rd7 43.Qf8+ Kg6
44.Qg8+ Kf6 45.Qh8+ Kg6 46.Qxe5 Rf7 47.Qxe6+ Kg7 48.Qe5+ Kh7 49.f4 Re7 50.Qf5+ Kg7
51.Qd3 gxf4+ 52.exf4 Rd7 53.Qc3+ Kh7 54.Qf3  1-0

[Event "FSIMB July"]
[Site "Budapest HUN"]
[Date "2000.07.01"]
[Round "1"]
[White "Froehlich,P"]
[Black "Xu Hanbing"]
[Result "1-0"]
[WhiteElo "2375"]
[BlackElo "2420"]

1.Nf3 Nf6 2.c4 e6 3.Nc3 d5 4.d4 c6 5.e3 Nbd7 6.Qc2 Bd6 7.g4 Nxg4 8.Rg1 Qf6
9.Rxg4 Qxf3 10.Rxg7 Nf8 11.Rg5 Ng6 12.e4 dxc4 13.e5 Be7 14.Rg3 Qh5 15.Be3 Qf5
16.Ne4 Nf4 17.O-O-O Bd7 18.Bxc4 Nd5 19.Bg5 Bxg5+ 20.Rxg5 Qf4+ 21.Kb1 O-O-O
22.Rg7 Be8 23.Nd6+ Kb8 24.Bxd5 exd5 25.Qb3 b6 26.Qg3 Qxg3 27.hxg3 f6 28.Nxe8 Rdxe8
29.exf6 Rhf8 30.Rh1 Rxf6 31.Rhxh7 Rxf2 32.a3 b5 33.Rb7+ Kc8 34.Rxa7 Kb8 35.Rab7+ Ka8
36.Rbc7 Rf6 37.Ka2 Kb8 38.Rb7+ Ka8 39.Rhg7 Ref8 40.Kb3 Rf2 41.Kb4 Rxb2+ 42.Kc5 b4
43.a4  1-0

[Event "AKN Open"]
[Site "Haarlem NED"]
[Date "2000.07.01"]
[Round "4"]
[White "Galje,H"]
[Black "Haznedaroglu,K"]
[Result "0-1"]
[WhiteElo "2108"]
[BlackElo "2287"]

1.d4 d5 2.c4 c6 3.Nc3 Nf6 4.e3 e6 5.Nf3 Bd6 6.Ne5 Nbd7 7.f4 dxc4 8.Bxc4 O-O
9.O-O c5 10.Kh1 a6 11.a4 Qc7 12.Qe2 b6 13.Rf3 Bb7 14.Rh3 Rfd8 15.Bd2 Nf8
16.Be1 cxd4 17.exd4 Bxe5 18.dxe5 Nd5 19.Nxd5 Bxd5 20.Bd3 Qc6 21.Bd2 Ra7 22.a5 bxa5
23.Bxa5 Rc8 24.Bc3 Rd8 25.Ba5 Rc8 26.Bc3 g6 27.Rg3 Bc4 28.Qe3 Rd7 29.Bc2 Qc5
30.Qxc5 Rxc5 31.h4 Rb7 32.Be4 Bd5 33.Bxd5 exd5 34.Rxa6 Rc4 35.Rd3 Rxf4 36.Rxd5 Rxh4+
37.Kg1 Ne6 38.Ra8+ Kg7 39.Rd6 g5 40.Kf2 h5 41.Ra1 Kg6 42.g3 Rc4 43.Re1 Kf5
44.Re3 Kg4 45.Kg2 Rbc7 46.Rd1 Nc5 47.Rd4+ Rxd4 48.Bxd4 Ne6 49.Bc3 Rd7 50.Re4+ Kf5
51.Re3 g4 52.Re2  0-1

[Event "Equitable Card Invitational"]
[Site "Quezon City PHI"]
[Date "2000.07.01"]
[Round "2"]
[White "Wang Lei"]
[Black "Dao Thien Hai"]
[Result "0-1"]
[WhiteElo "2495"]
[BlackElo "2550"]

1.d4 d5 2.c4 e6 3.Nf3 c6 4.Nc3 Nf6 5.e3 Nbd7 6.Qc2 Bd6 7.Be2 O-O 8.O-O dxc4
9.Bxc4 b5 10.Bd3 Bb7 11.a3 Qe7 12.h3 Rfe8 13.Ng5 h6 14.Nge4 Bb8 15.Nxf6+ Nxf6
16.f4 a5 17.Bd2 Rc8 18.Ne4 Nxe4 19.Bxe4 Bd6 20.f5 exf5 21.Bxf5 Re8 22.e4 c5
23.e5 Bb8 24.Qxc5 Qxc5 25.dxc5 Bxe5 26.Bd7 Red8 27.c6 Bc8 28.Bc3 Bxc3 29.bxc3 Bxd7
30.cxd7 Rxd7 31.Rf5 Rc8 32.Rxb5 Rxc3 33.Rxa5 Rd2 34.Kh2 Rcc2 35.Rg1 Ra2 36.Ra7 f5
37.h4 Kh7 38.Kg3 Rd3+ 39.Kf4 Rf2+ 40.Ke5 Re3+ 41.Kd5 Rg3 42.a4 Rg4 43.a5 Rxh4
44.Ra1 Rg4 45.a6 Rgxg2 46.Rb7 Ra2 47.Rbb1 Rgb2 48.Rf1 Rb5+ 49.Kc6 Rba5 50.Rxa2 Rxa2
51.Kb7 Kg6 52.a7 Kf6 53.a8=Q Rxa8 54.Kxa8 g5 55.Re1 g4 56.Kb7 g3 57.Kc6 Kg5
58.Kd5 Kg4 59.Ke5 f4 60.Ke4 g2 61.Ra1 f3  0-1

[Event "8th Suncoast Open"]
[Site "Noosa AUS"]
[Date "2000.07.02"]
[Round "4"]
[White "Ftacnik,L"]
[Black "Solomon,SJ"]
[Result "1/2-1/2"]
[WhiteElo "2579"]
[BlackElo "2372"]

1.Nf3 Nf6 2.c4 e6 3.Nc3 d5 4.d4 c6 5.e3 Nbd7 6.Qc2 Bd6 7.Be2 O-O 8.O-O Re8
9.Rd1 Qe7 10.a3 h6 11.h3 dxc4 12.Bxc4 e5 13.Nh4 Nf8 14.Nf5 Bxf5 15.Qxf5 e4
16.h4 g6 17.Qh3 h5 18.f3 Qd7 19.Qxd7 N8xd7 20.fxe4 Nb6 21.Bd3 Bg3 22.Rf1 Ng4
23.Rf3 Bxh4 24.Bd2 Rad8 25.Be2 c5 26.Bb5 Re7 27.a4 cxd4 28.exd4 Rxd4 29.Bf4 a6
30.Bf1 Re6 31.Ra3 Be7 32.Rb3 Bc5 33.Kh1 Nxa4 34.Nxa4 Rxa4 35.Rxb7 Rexe4 36.Bg3 Re7
37.Rb8+ Kg7 38.Rc8 Bd4 39.Bd6 Rd7 40.Bf8+ Kh7 41.Ba3 Bg7 42.Ra8 Re4 43.Rxa6 Re1
44.Rd6 Rc7 45.b4 Ne5 46.Rf2 Nc4 47.Rd3 Nxa3 48.Rxa3 Bd4 49.Rf4 Be5 50.Rff3 Rcc1
51.Rxf7+ Kh6 52.Raf3 Rb1 53.Rf2 Rxb4 54.R2f3 Rh4+ 55.Rh3 Bf4 56.Kg1 Be3+
57.Kh2 Rg4 58.Rhf3 Rh4+ 59.Rh3 Rf4 60.Rf3 Rxf3 61.Rxf3 h4 62.Kh3 g5 63.Kg4 Bf4
64.Bd3 Re5 65.Rf2 Rd5 66.Be4 Re5 67.Re2 Kg7 68.Bf3 Ra5 69.Re6 Ra4 70.Re4 Ra6
71.Rc4 Rb6 72.Kf5 Rb5+ 73.Kg4 Kf6 74.Re4 Rb1 75.Re2 Rh1 76.Re4 Rc1 77.Re2 Rc8
78.Re4 Rh8 79.Kh3 Rb8 80.Re2 Rb1 81.Kg4 Rb4 82.Re4 Rb8 83.Kh3 Kf5 84.Ra4 Rb3
85.Ra5+ Be5 86.Ra4 Rc3 87.Rb4 Re3 88.Ra4 Bd6 89.Ra5+ Be5 90.Ra4 Bc7 91.Rc4 Bd6
92.Rd4 Re1 93.g4+ Ke5 94.Rd5+ Kf4 95.Rxd6 Kxf3 96.Rf6+ Ke3 97.Rf5 Rh1+ 98.Kg2 Ra1
99.Rxg5 Kf4 100.Rb5 Kxg4  1/2-1/2

[Event "Equitable Card Invitational"]
[Site "Quezon City PHI"]
[Date "2000.07.03"]
[Round "4"]
[White "Villamayor,B"]
[Black "Tu Hoang Thong"]
[Result "1-0"]
[WhiteElo "2474"]
[BlackElo "2515"]

1.Nf3 d5 2.d4 c6 3.c4 e6 4.Nc3 Nf6 5.e3 Nbd7 6.Qc2 Bd6 7.Bd3 O-O 8.O-O dxc4
9.Bxc4 e5 10.h3 Qe7 11.Bb3 b6 12.Rd1 Bb7 13.dxe5 Nxe5 14.Nd4 Bc7 15.Nf5 Qc5
16.e4 Rad8 17.Be3 Qa5 18.f4 Ng6 19.e5 Bc8 20.Ng3 Rfe8 21.Rxd8 Bxd8 22.Rd1 Bc7
23.Qf2 Nd7 24.Nge4 Ndf8 25.Ng5 Re7 26.Qf3 Bd7 27.Qe4 Be8 28.Qf5 Nxe5 29.fxe5 Rxe5
30.Bxf7+ Kh8 31.Qf3 h6 32.Bxe8 Rxe8 33.Nf7+ Kg8 34.Nd6 Re7 35.Nf5 Rf7 36.Rf1 Kh8
37.Qe4  1-0

[Event "Staffordshire IM"]
[Site "Lichfield ENG"]
[Date "2000.07.06"]
[Round "1"]
[White "Ernst,S"]
[Black "Krutti,V"]
[Result "1-0"]
[WhiteElo "2392"]
[BlackElo "2382"]

1.d4 Nf6 2.c4 c6 3.Nc3 d5 4.Nf3 e6 5.e3 Nbd7 6.Bd3 dxc4 7.Bxc4 b5 8.Bd3 Bb7
9.O-O a6 10.e4 b4 11.Ne2 Be7 12.Re1 Rc8 13.Ng3 Qb6 14.Qe2 h6 15.a4 a5 16.Be3 c5
17.d5 O-O 18.dxe6 fxe6 19.Rad1 Rcd8 20.Bc4 Rf7 21.Bc1 Re8 22.e5 Nd5 23.Bxd5 Bxd5
24.Rxd5 exd5 25.e6  1-0